Curso de derecho internacional público y organizaciones internacionales /

Guardado en:
Autor Principal: Pastor Ridruejo, José Antonio
Formato: Libro
Idioma:Spanish
Publicado: Madrid : Tecnos, 2003
Edición:9a. ed.
Materias:
Etiquetas: Agregar Etiqueta
Sin Etiquetas, Sea el primero en etiquetar este registro!
LEADER 00578nam a22001695a 4500
001 DER.der002251
008 180615s2003####ag#||||||||||||||#||spa||
005 20250228112810.0
245 1 0 |a Curso de derecho internacional público y organizaciones internacionales /  |c José Antonio Pastor Ridruejo 
250 |a 9a. ed. 
260 |a Madrid :  |b Tecnos,  |c 2003 
300 |a 813 p. 
020 |a 8430939806 
100 1 |a Pastor Ridruejo, José Antonio 
650 7 |a DERECHO INTERNACIONAL PUBLICO 
859 |a DERECHO  |b BIB. DERECHO  |h 341  |i PAS  |p 004385 
859 |a DERECHO  |b BIB. DERECHO  |h 341  |i PAS  |p 004386  |t 1